Ultimate Load Design of Concrete Structure (Record no. 533167)
[ view plain ]
| 000 -LEADER | |
|---|---|
| fixed length control field | 00252nam a22000977a 4500 |
| 040 ## - CATALOGING SOURCE | |
| Transcribing agency | jkjkh |
| 245 ## - TITLE STATEMENT | |
| Title | Ultimate Load Design of Concrete Structure |
| 260 ## - PUBLICATION, DISTRIBUTION, ETC. | |
| Place of publication, distribution, etc. | London |
| Name of publisher, distributor, etc. | The Institute of Civil Engineering |
| Date of publication, distribution, etc. | c1972 |
| 300 ## - PHYSICAL DESCRIPTION | |
| Extent | 104;p; |
| 942 ## - ADDED ENTRY ELEMENTS (KOHA) | |
| Source of classification or shelving scheme | |
| Koha item type | Book |
| Withdrawn status | Lost status | Source of classification or shelving scheme | Damaged status | Not for loan | Permanent Location | Current Location | Date acquired | Total Checkouts | Full call number | Barcode | Date last seen | Price effective from | Koha item type |
|---|---|---|---|---|---|---|---|---|---|---|---|---|---|
| School of Civil and Environmental Engineering (SCEE) | School of Civil and Environmental Engineering (SCEE) | 12/13/2019 | 624.1834 INS | NIT-12912 | 01/01/2020 | 12/13/2019 | Book |
